000
00331nam a2200133Ia 4500
008
191206s9999 xx 000 0 und d
020
_a
0192113909 :
090
_a
PR9369F78
245
0
_a
Dimetos and Two Early Plays
260
_a
Oxford University Press
260
_c
c1977
300
_a
164 p. ; 21 cm.
999
_c
15819
_d
15819